| 000 | 00649cam a2200217 a 4500 | ||
|---|---|---|---|
| 001 | 000019048 | ||
| 005 | 20200929165917.0 | ||
| 008 | 791005s1967 ve 000 p spa d | ||
| 025 | _aLACAP67-3399 | ||
| 035 | _a(DLC) 67109802 | ||
| 040 |
_aDO-SdBNP _cDLC _dDLC _dBNPHU |
||
| 082 |
_aV861.44 _bD277j |
||
| 100 | 1 |
_aDaza Guevara, Argenis. _940985 |
|
| 245 | 1 | 0 |
_aJuego de reyes : _bpoesías / _cArgenis Daza Guevara. |
| 260 |
_aCaracas : _bUniversitaria de Oriente, _c1967. |
||
| 300 |
_a100 p. ; _c21 cm. |
||
| 650 | 4 |
_aPoesía venezolana _94230 |
|
| 650 | 4 |
_aLiteratura venezolana _93816 |
|
| 910 | _aCatalogación derivada / LC | ||
| 049 | _aBNGR | ||
| 999 |
_c18566 _d18566 |
||